000 03935nam a2200565 i 4500
001 194216
003 ES-MaACL
005 20250826063155.0
007 ta
008 240418s2023 sp 000 fdspa d
017 _aSE 1689-2023
020 _a9788419791740
035 _aRebiun34671314
040 _aBUS
_erda
_bspa
_cES-MaACL
080 _a070.421-055.2(4)"18/19"
080 _a305-055.2:070.421(4)"18/19"
080 _a929-055.2:070.421(4)"18/19"
080 _a39-055.2:070.421(4)"18/19"
080 _a316.663:316.346.2(4)"18/19"
080 _a316.663:316.346.2(460)"18/19"
080 _a316.7:070(4)"18/19"
100 1 _aPecharromán, Carolina,
_d1969-
_9235862
_eaut
245 1 4 _aLas primeras periodistas (1850-1931) :
_bprofesionalización y activismo en España, Francia y Reino Unido /
_cCarolina Pecharromán ; prólogo de Ana Bosch
246 3 0 _aProfesionalización y activismo en España, Francia y Reino Unido
264 1 _aSevilla :
_bRenacimiento,
_c[2023]
264 3 _cimp. 2023
264 4 _c@ 2023
300 _a372 páginas :
_bilustraciones ;
_c21 cm
336 _aTexto
_btxt
_2rdacontent
337 _asin mediación
_bn
_2rdamedia
338 _avolumen
_bnc
_2rdacarrier
490 1 _aLos cuatro vientos Renacimiento
_v230
500 _aCatalogación provisional. N-9960. Depósito J
500 _aAdaptación de tesis de la autora (Tesis-UNAM, 2022), mención especial del Premio Clara Campoamor 2023, del Centro de Estudios Políticos y Constitucionales (CEPC)
520 _aGeneraciones de periodistas han salido de la Universidad sin haber estudiado un nombre de mujer. Este libro quiere reivindicar a todas las que comenzaron a escribir en los periódicos cuando lo tenían todo en contra, esas periodistas olvidadas a las que no hemos empezado a conocer hasta hace poco. Además de figuras como Emilia Pardo Bazán o Carmen de Burgos, muchas otras como Matilde Cherner o Consuelo Álvarez Pool construyeron el camino para que el periodismo fuera una profesión para las mujeres y a utilizar su voz publicada en defensa de los derechos de todas. Las primeras periodistas recorre la apasionante historia de más de sesenta mujeres en España y otras tantas en Francia y Reino Unido –cunas de la revolución de las ideas y de la revolución de la economía– durante el siglo XIX hasta 1931. Pocas veces antes se habían comparado estas realidades. Más allá de mitos y simplificaciones, descubriremos a través de una investigación rigurosa que todas estas mujeres tenían en común más cosas de lo que pudiéramos creer. Su trabajo contra la discriminación y por una vida independiente y digna nos revelará además que hay luchas que llevan siglos encima de la mesa, como la que se opone a la violencia machista, y que los ataques contra el feminismo han cambiado poco en doscientos años. La historia de las pioneras españolas del periodismo en su marco europeo. Una visión nueva y amplia de las periodistas olvidadas, desde las libertarias a las conservadoras.
650 0 7 _aMujeres periodistas
_2embne
_9235863
650 0 7 _aEstudios sobre las mujeres
_2embne
_9233630
650 0 4 _aPeriodismo-
_vHistoria
_915949
650 0 7 _aMujeres periodistas-
_zEspaña
_9137797
650 0 7 _aMujeres periodistas-
_zFrancia.
_9235865
650 0 7 _aMujeres periodistas-
_zGran Bretaña.
_9235866
700 _aBosch, Ana
_eaui
_9238732
830 _aLos cuatro vientos Renacimiento ;
_9235867
_v230
852 _aEs-MaACL
_cDEPOJ
_jN-9960
_9201756
_hDonación: Carolina Pecharromán
_gDedicatoria autógrafa de la autora
_xEncuadernación rústica con solapas
_zEn proceso
942 _n0
_cMONOGRAFIA
999 _c194216
_d194216